000
00321nam a22001337a 4500
008
170816b xxu||||| |||| 00| 0 eng d
020
_a
9780070549852
041
_a
eng
080
_2
8 ED
_a
311
100
_a
36
101
_a
STA
245
_a
FUNDAMENTALS OF BEHAVIORAL STATISTICS
_c
RUNYON.R.P
942
_2
udc
_c
BK
999
_c
23615
_d
23615